|
|
|
|
| LEADER |
00000nam a2200000 a 4500 |
| 001 |
vtls001333423 |
| 003 |
SK-MaSNL |
| 005 |
20260301065934.0 |
| 008 |
240314suuuu xx 0 und |
| 035 |
|
|
|a SNK000286343
|
| 040 |
|
|
|a SNK
|b slo
|c SNK
|e AACR2
|
| 100 |
1 |
|
|a Unamuno, Miguel de,
|d 1864-1936
|4 aut
|9 113145
|
| 245 |
1 |
0 |
|a Teta Tula
|b Román
|
| 260 |
|
|
|a Bratislava
|b Spoločnosť priateľov klasických kníh
|c b.r.
|
| 300 |
|
|
|a 147 s.
|
| 999 |
|
|
|c 632549
|d 634479
|
| 952 |
|
|
|t P60, <04>, [BOOK], {604}
|a SNK
|b SNK
|y VYP
|7 0
|p 17A0143851
|o snkSD 3351/11 D1
|0 0
|1 0
|4 0
|d 1998-06-04
|l 0
|r 2005-01-02 00:00:00
|w 2026-02-23
|